00527 2200193 4500001002100000005001700021008004100038035002500079082001100104090001800115100001300133245005800146250001700204260002700221300003800248650002000286850001200306990001500318YOGYA-0209000003308020150528125745.0 ind  a0010-020900000033080 a001.64 a001.64bSug D aSUGIARTO aDasar-dasar pengolahan data elektroniscoleh Sugiarto aEd. 1, cet.1 aYogyakartabBPFEc1987 aviii, 177 hlm. :bilus. ;c23 cm. aPengolahan data aYOPDYOG a42213-P/93